Southville International School and Colleges
Your cart is empty.
  • Cart
  • Lists
    Public lists Eva Luna New books Lux_list list_1
    Your lists Log in to create your own lists
  • Log in to your account
  • Your cookies
  • Search history
Southville International School and Colleges
  • Advanced search
  • Recent comments
  • Most popular
  • Libraries

Log in to your account

Log in with GOOGLE


If you do not have an external account, but do have a local account, you can still log in:

  1. Home
  2. MARC view: Oracle NoSQL database :
Normal view MARC view ISBD view

Oracle NoSQL database : (Record no. 288319)

[ view plain ]
MARC details
000 -LEADER
fixed length control field 01198cam a2200349 i 4500
001 - CONTROL NUMBER
control field 17968292
003 - CONTROL NUMBER IDENTIFIER
control field PILC
005 - DATE AND TIME OF LATEST TRANSACTION
control field 20150805083756.0
008 - FIXED-LENGTH DATA ELEMENTS--GENERAL INFORMATION
fixed length control field 131211s2014 nyua 000 0 eng
010 ## - LIBRARY OF CONGRESS CONTROL NUMBER
LC control number 2013041719
020 ## - INTERNATIONAL STANDARD BOOK NUMBER
International Standard Book Number 9780071816533 (alk. paper)
040 ## - CATALOGING SOURCE
Original cataloging agency DLC
Language of cataloging eng
Transcribing agency DLC
Description conventions rda
Modifying agency DLC
042 ## - AUTHENTICATION CODE
Authentication code pcc
050 00 - LIBRARY OF CONGRESS CALL NUMBER
Classification number QA 76.9.D3
Item number .A483 2014
082 00 - DEWEY DECIMAL CLASSIFICATION NUMBER
Classification number 005.74
100 1# - MAIN ENTRY--PERSONAL NAME
Personal name Alam, Maqsood.
245 10 - TITLE STATEMENT
Title Oracle NoSQL database :
Remainder of title real-time big data management for the enterprise /
Statement of responsibility, etc Maqsood Alam, Aalok Muley, Ashok Joshi, Chaitanya Kadaru.
260 ## - PUBLICATION, DISTRIBUTION, ETC. (IMPRINT)
Place of publication, distribution, etc New York :
Name of publisher, distributor, etc McGraw-Hill Education,
Date of publication, distribution, etc 2014.
300 ## - PHYSICAL DESCRIPTION
Extent xxi, 230 pages :
Other physical details illustrations ;
Dimensions 24 cm
500 ## - GENERAL NOTE
General note Includes index.
630 00 - SUBJECT ADDED ENTRY--UNIFORM TITLE
Uniform title Oracle (Computer file)
650 #0 - SUBJECT ADDED ENTRY--TOPICAL TERM
Topical term or geographic name as entry element Database management.
650 #0 - SUBJECT ADDED ENTRY--TOPICAL TERM
Topical term or geographic name as entry element Non-relational databases.
650 #0 - SUBJECT ADDED ENTRY--TOPICAL TERM
Topical term or geographic name as entry element Big data.
650 #0 - SUBJECT ADDED ENTRY--TOPICAL TERM
Topical term or geographic name as entry element Business
General subdivision Databases.
700 1# - ADDED ENTRY--PERSONAL NAME
Personal name Muley, Aalok.
700 1# - ADDED ENTRY--PERSONAL NAME
Personal name Joshi, Ashok,
Dates associated with a name 1959-
700 1# - ADDED ENTRY--PERSONAL NAME
Personal name Kadaru, Chaitanya.
906 ## - LOCAL DATA ELEMENT F, LDF (RLIN)
a 7
b cbc
c orignew
d 1
e ecip
f 20
g y-gencatlg
942 ## - ADDED ENTRY ELEMENTS (KOHA)
Source of classification or shelving scheme Library of Congress Classification
Koha item type Books
Call number prefix Foreign
Holdings
Withdrawn status Lost status Source of classification or shelving scheme Damaged status Home library Current library Shelving location Date acquired Source of acquisition Total Checkouts Total Renewals Full call number Barcode Date last seen Date checked out Price effective from Koha item type
    Library of Congress Classification   College Library College Library Graduate Section 08/05/2015 Library Fund 1 15 QA 76.9.D3 .A483 2014 C19640 05/15/2018 12/06/2016 08/05/2015 Books

Oracle NoSQL database :

APA

Alam M., Muley A., Joshi A. & Kadaru C. (2014). Oracle NoSQL database. New York: McGraw-Hill Education.

Chicago

Alam Maqsood, Muley Aalok, Joshi Ashok and Kadaru Chaitanya. 2014. Oracle NoSQL database. New York: McGraw-Hill Education.

Harvard

Alam M., Muley A., Joshi A. and Kadaru C. (2014). Oracle NoSQL database. New York: McGraw-Hill Education.

MLA

Alam Maqsood, Muley Aalok, Joshi Ashok and Kadaru Chaitanya. Oracle NoSQL database. New York: McGraw-Hill Education. 2014.

  • Place hold
  • Print
  • Cite
  • Add to your cart (remove)
  • Save record
    BIBTEX Dublin Core MARCXML MARC (non-Unicode/MARC-8) MARC (Unicode/UTF-8) MARC (Unicode/UTF-8, Standard) MODS (XML) RIS
  • More searches
    Search for this title in:
    Other Libraries (WorldCat) Other Databases (Google Scholar) Online Stores (Bookfinder.com) Open Library (openlibrary.org)

Exporting to Dublin Core...

SOUTHVILLE LIBRARY

Southville International School and Colleges Library

1281 Tropical Ave. Cor. Luxembourg St., BF Homes International, Las Pinas City

Tel. No. 8256374 / 252358 Loc. 117/146

Powered by Koha